Yetmişlik bir subayın hatıraları / (Record no. 14556)
[ view plain ]
| 000 -BAŞLIK | |
|---|---|
| Sabit Uzunlukta Kontrol Alanı | 00643nam a22002057a 4500 |
| 999 ## - SİSTEM KONTROL NUMARALARI (KOHA) | |
| Koha Biblionumber | 14556 |
| Koha Biblioitemnumber | 14556 |
| 003 - KONTROL NUMARASI IDENTIFIER | |
| Denetim Alanı | MIRAKIL |
| 005 - SON İŞLEM TARİHİ VE ZAMANI | |
| Denetim Alanı | 20211019120533.0 |
| 008 - SABİT-BOY VERİ ELEMANLARI - GENEL BİLGİLER | |
| Sabit Uzunlukta Kontrol Alanı | 211019b tu ||||| |||| 00| 0 tur d |
| 040 ## - KATALOGLAMA KAYNAK | |
| Orijinal Kataloglama Ajansı | TR-AnCHP |
| Metne Dönüştürmek Ajansı | TR-AnCHP |
| 041 ## - DİL KODU | |
| Metin / Ses Parça Veya Ayrı Başlığın Dil Kodu | Tur |
| 082 ## - DEWEY ONLU SINIFLANDIRMA NUMARASI | |
| Sınıflandırma Numarası | 923.556 |
| Ürün Numarası | A62y 1957 |
| 100 ## - ANA GİRİŞ - KİŞİSEL İSİM | |
| Kişisel Ad | Apak, Rahmi |
| 245 10 - BAŞLIK TABLOSU | |
| Başlık | Yetmişlik bir subayın hatıraları / |
| Sorumluluk Tablosu, Vb | Rahmi Apak. |
| 260 ## - YAYIN, DAĞITIM, VB | |
| Yayın, Dağıtım, Vb Yeri | Ankara: |
| Yayıncı, Dağıtıcı, Vs Adı | [yay.y], |
| Yayın, Dağıtım, Vb Tarihi | 1957. |
| Üretici Firma | E. U. Basımevi. |
| 300 ## - FİZİKSEL TANIM | |
| Kapsam | 284 s.: |
| Diğer Fiziksel Ayrıntıları | fotg.; |
| Boyutlar | 24 sm. |
| 600 #0 - KONU KATMA GİRİŞ - KURUMSAL ADI | |
| 9 (RLIN) | 6772 |
| Kişisel Ad | Apak, Rahmi |
| Başlıklar Ve Bir Adla İlişkili Diğer Kelimeler | Türk asker ve siyasetçi |
| Bir Adıyla İlişkilendirilen Tarihler | 1887-1963 |
| Genel Alt Bölümü | Anılar |
| 650 #0 - KONU KATMA GİRİŞ - TOPİKAL DÖNEM | |
| 9 (RLIN) | 908 |
| Topikal Süreli Veya Coğrafi Ad Giriş Elemanı | Türkiye |
| Genel Alt Bölümü | Tarih |
| 650 #0 - KONU KATMA GİRİŞ - TOPİKAL DÖNEM | |
| 9 (RLIN) | 6187 |
| Topikal Süreli Veya Coğrafi Ad Giriş Elemanı | Kurtuluş savaşı |
| Genel Alt Bölümü | Tarih |
| Coğrafi Alt Bölümü | Türkiye |
| 942 ## - EKLENDİ GİRİŞ ELEMANLARI (KOHA) | |
| Sınıflandırma Veya Raf Düzeni Kaynak | Dewey Decimal Classification |
| Koha Öğesi Türü | Books |
| Kalıcı Konum | Mevcut Konum | Edinme Tarihi | Toplam Check-Out'Lar | Tam Çağrı Numarası | Barkod | Tarih Son Görülme | İtibaren Geçerli Fiyatlar | Sigara Kamu Notu | Koha Öğesi Türü |
|---|---|---|---|---|---|---|---|---|---|
| CHP Kütüphanesi | CHP Kütüphanesi | 10/19/2021 | 923.556 A62y 1957 | 020053 | 10/19/2021 | 10/19/2021 | Faik Öztrak Bağışıdır. | Books |
